| 000 | 01494nam0a2200409 4500 | ||
|---|---|---|---|
| 001 | RU\NLR\bibl\1449788 | ||
| 005 | 20260409070314.0 | ||
| 010 |
_a978-5-465-01734-3 _93000 |
||
| 021 |
_aRU _b2009-84071 _95283 |
||
| 035 | _a(nilc)RSL-KNO-004113738 | ||
| 035 | _aRU\NLR\bibl\1288192 | ||
| 035 | _a(NLR Aleph) 001441613 | ||
| 090 |
_a1466589 _c1466589 |
||
| 100 | _a20080930d2009 |||y0rusy50 ca | ||
| 101 | 1 |
_arus _ceng |
|
| 102 | _aRU | ||
| 105 | _aa ||||||||| | ||
| 200 | 1 |
_aОхота _eэнциклопедия _eдля всех охотников _fРоберт Элман _g[пер. с англ. И. С. Бициев] |
|
| 210 |
_aМосква _cОмега _d2009 |
||
| 215 |
_a279 с. _cил., цв. ил., табл. _d29 |
||
| 300 | _aЗагл. и авт. ориг.: The complete book of hunting / Robert Elman | ||
| 320 | _aУказ.: с. 275-279 | ||
| 455 | 0 |
_1010$a0-7607-0710-3 _12000#$aThe Complete Book of Hunting _1700#0$aElman, Robert _tThe Complete Book of Hunting _aElman, Robert |
|
| 513 | 0 | _aThe complete book of hunting | |
| 606 |
_aОхота _jПопулярные издания _3RU\NLR\auth\66214049 _91287349 |
||
| 686 |
_aП71я20 _2rubbk |
||
| 686 |
_aП711я9 _2rubbk |
||
| 686 | _aП711я9 | ||
| 700 | 1 |
_aЭлман _bР. _gРоберт _4070 |
|
| 801 | 0 |
_aRU _bРГБ _c20080930 _grcr |
|
| 801 | 1 |
_aRU _bРГБ _c20080930 |
|
| 801 | 2 |
_aRU _bNLR _c20081024 |
|
| 801 | 2 |
_aRU _bNLR _c20091209 _grcr |
|
| 942 | _cBOOK | ||
| 980 | _aNB | ||